Buddhist stories for kids : (Record no. 380167)
[ view plain ]
| 000 -LEADER | |
|---|---|
| fixed length control field | 02313cam a2200337 i 4500 |
| 001 - CONTROL NUMBER | |
| control field | 22220553 |
| 005 - DATE AND TIME OF LATEST TRANSACTION | |
| control field | 20230110174714.0 |
| 008 - FIXED-LENGTH DATA ELEMENTS--GENERAL INFORMATION | |
| fixed length control field | 210903s2022 coua j 000 0 eng |
| 010 ## - LIBRARY OF CONGRESS CONTROL NUMBER | |
| LC control number | 2021025122 |
| 020 ## - INTERNATIONAL STANDARD BOOK NUMBER | |
| International Standard Book Number | 9781611809305 |
| Qualifying information | (hardcover) |
| 040 ## - CATALOGING SOURCE | |
| Original cataloging agency | DLC |
| Language of cataloging | eng |
| Description conventions | rda |
| Transcribing agency | DLC |
| Modifying agency | DLC |
| 042 ## - AUTHENTICATION CODE | |
| Authentication code | pcc |
| -- | lcac |
| 050 00 - LIBRARY OF CONGRESS CALL NUMBER | |
| Classification number | BQ4032 |
| Item number | .B87 2022 |
| 082 00 - DEWEY DECIMAL CLASSIFICATION NUMBER | |
| Classification number | 294.3 |
| Edition number | 23 |
| 092 ## - LOCALLY ASSIGNED DEWEY CALL NUMBER (OCLC) | |
| Classification number | Children Nonfiction Picture Book |
| Item number | Burges, Laura |
| 100 1# - MAIN ENTRY--PERSONAL NAME | |
| Personal name | Burges, Laura, |
| Relator term | author. |
| 9 (RLIN) | 6460825 |
| 245 10 - TITLE STATEMENT | |
| Title | Buddhist stories for kids : |
| Remainder of title | Jataka tales of kindness, friendship, and forgiveness / |
| Statement of responsibility, etc | Laura Burges ; illustrated by Sonali Zohra. |
| 250 ## - EDITION STATEMENT | |
| Edition statement | First edition. |
| 264 #1 - Production, Publication, Distribution, Manufacture, and Copyright Notice. | |
| Place of production, publication, distribution, manufacture | Boulder : |
| Name of producer, publisher, distributor, manufacturer | Bala Kids, |
| Date of production, publication, distribution, manufacture, or copyr | [2022] |
| 300 ## - PHYSICAL DESCRIPTION | |
| Extent | v, 69 pages : |
| Other physical details | color illustrations ; |
| Dimensions | 25 cm |
| 336 ## - Content Type | |
| Content type term | text |
| 337 ## - Media type | |
| Media type term | unmediated |
| 338 ## - Carrier type | |
| Carrier type term | volume |
| 505 0# - FORMATTED CONTENTS NOTE | |
| Formatted contents note | Introduction -- The Monkeys in the Bodhi Tree -- The Queen of the Dogs and the Neem Trees -- The Forest Owlet Saves the Mahogany Trees -- The Secret of the Palash Tree -- The Parrot and the Fig Tree -- The Lion King and the Coconut Tree -- The Chinkara and the Strange Tree -- The Mischievous Monkey in the Banyan Tree -- The Wise Woman of the Forest -- The Monkey King and the Mango Tree -- Acknowledgments -- The Animals that Appear in the Stories -- About the Author. |
| 520 ## - SUMMARY, ETC. | |
| Summary, etc | "The Buddha was a wonderful teacher who was born long ago. He helped people learn how to find peace within themselves and kinder to one another. The Buddha told stories about the lifetimes when he was born as animals before he became a human being. These are called Jataka Tales or "birth stories." Whether he was born as a buffalo, as a monkey, as a lion or as a wild dog, he demonstrated how to selflessly help others and take to heart the importance of karma. These classic fables communicate the core teachings of the Buddha in a relatable way for children. In each of the stories Laura has chosen, trees play an important role. Laura invites parents and children to rest in the shade of these stories and delight in their teachings!"-- |
| 521 ## - TARGET AUDIENCE NOTE | |
| Target audience note | Ages 4-8 |
| Source | Shambhala |
| 521 ## - TARGET AUDIENCE NOTE | |
| Target audience note | Grades 2-3 |
| Source | Shambhala |
| 650 #0 - SUBJECT ADDED ENTRY--TOPICAL TERM | |
| Topical term or geographic name as entry element | Buddhism |
| Form subdivision | Juvenile literature. |
| 9 (RLIN) | 5729322 |
| 650 #0 - SUBJECT ADDED ENTRY--TOPICAL TERM | |
| Topical term or geographic name as entry element | Trees |
| Form subdivision | Folklore. |
| 9 (RLIN) | 6460826 |
| 942 ## - ADDED ENTRY ELEMENTS (KOHA) | |
| Source of classification or shelving scheme | Dewey Decimal Classification |
| Koha item type | BOOK |
| Withdrawn status | Lost status | Source of classification or shelving scheme | Damaged status | Not for loan | Collection code | Home library | Current library | Shelving location | Date acquired | Source of acquisition | Total Checkouts | Total Renewals | Full call number | Barcode | Checked out | Date last seen | Date checked out | Cost, replacement price | Price effective from | Koha item type |
|---|---|---|---|---|---|---|---|---|---|---|---|---|---|---|---|---|---|---|---|---|
| Long Overdue (Lost) | Dewey Decimal Classification | Children NonFiction | Wasatch County Library | Wasatch County Library | Main Floor Childrens Area | 01/18/2023 | Micromarketing | 3 | 2 | E Tales Burges | 34301001898214 | 08/12/2023 | 06/14/2023 | 06/14/2023 | 18.95 | 01/18/2023 | BOOK |
